| 000 | 00428cam a22001337a 4500 | ||
|---|---|---|---|
| 008 | 180718b2000 xxu||||| |||| 00| 0 eng d | ||
| 082 | _aA22053x54 K167/2000 (R) | ||
| 245 |
_aDirectory of periodicals published in India 2000 _cedited by Susheel Kaur and P. Sapra |
||
| 260 |
_aDelhi _bSapra & Sapra Pub. _c2000 |
||
| 300 | _a1073p. | ||
| 650 | _aPeriodicals - Directories - India | ||
| 700 | _aSapra, P. | ||
| 700 | _aKaur, Susheel | ||
| 999 |
_c396401 _d396401 |
||